Đối sánh thể chế chính trị Nga và Nhật Bản cuối thế kỉ XIX đầu thế kỉ XX
Sự thiết lập thể chế chính trị Nga và Nhật Bản cuối thế kỉ XIX đầu thế kỉ XX. Tương đồng và khác biệt về thể chế chính trị Nga và Nhật Bản cuối thế kỉ XIX đầu thế kỉ XX
Gardado en:
| Autor Principal: | |
|---|---|
| Outros autores: | |
| Formato: | Libro |
| Idioma: | Vietnamese |
| Publicado: |
Đà Nẵng
Đại học Sư phạm, Đại học Đà Nẵng
2013
|
| Những chủ đề: | |
| Các nhãn: |
Engadir etiqueta
Sen Etiquetas, Sexa o primeiro en etiquetar este rexistro!
|
| Thư viện lưu trữ: | Mạng thư viện Đại học Đà Nẵng |
|---|
| LEADER | 01776nam a2200373 4500 | ||
|---|---|---|---|
| 001 | 000019074 | ||
| 003 | 15509 | ||
| 005 | 20140318160348.0 | ||
| 008 | 140305s2013 viesd | ||
| 041 | |a vie | ||
| 072 | |a LS | ||
| 082 | 1 | 4 | |a 306.20947 |b NG-T |
| 100 | 1 | |a Nguyễn Thị Thanh Thúy | |
| 245 | 1 | 0 | |a Đối sánh thể chế chính trị Nga và Nhật Bản cuối thế kỉ XIX đầu thế kỉ XX |c Nguyễn Thị Thanh Thúy ; Dương Thị Tuyết hướng dẫn |k Khóa luận tốt nghiệp |
| 260 | |a Đà Nẵng |b Đại học Sư phạm, Đại học Đà Nẵng |c 2013 | ||
| 300 | |a 67 tr. |b Hình mh. |c 29 cm. | ||
| 500 | |a Khóa luận tốt nghiệp đại học. Chuyên ngành: Sư phạm Lịch sử | ||
| 520 | |a Sự thiết lập thể chế chính trị Nga và Nhật Bản cuối thế kỉ XIX đầu thế kỉ XX. Tương đồng và khác biệt về thể chế chính trị Nga và Nhật Bản cuối thế kỉ XIX đầu thế kỉ XX | ||
| 650 | 0 | 4 | |a Thể chế chính trị |v Khóa luận tốt nghiệp |x So sánh |y Cuối thế kỉ XIX đầu thế kỉ XX |z Nga |z Nhật Bản |
| 653 | |a Khoa Lịch sử | ||
| 653 | |a Thể chế chính trị | ||
| 653 | |a Nga | ||
| 653 | |a Nhật Bản | ||
| 700 | 1 | |a Dương Thị Tuyết |e Hướng dẫn | |
| OWN | |a LSP | ||
| AVA | |a UDN50 |b LSP |d 306.20947 NG-T |e available |t Error 5001 Not defined in file expand_doc_bib_avail. |f 1 |g 0 |h N |i 0 |k 1 | ||
| 999 | |a From the UDN01 | ||
| AVA | |a UDN50 |b LSP |d 306.20947 NG-T |e available |t Error 5001 Not defined in file expand_doc_bib_avail. |f 1 |g 0 |h N |i 0 |k 1 | ||
| TYP | |a Monograph | ||
| TYP | |a Printed language | ||
| 980 | |a Mạng thư viện Đại học Đà Nẵng | ||